01410nam a2200277 a 4500001001000000003000900010005001700019008004100036020001800077040002500095082001400120100003700134245010700171260005200278300002800330500006300358700003100421700003500452942001400487952012800501952012800629952012800757952011300885952011900998999001501117000003271DO-SdBNP20220406090620.0090707s2009 dr a 000 0 spa d a9789993456483 aDO-SdBNPbspacBNPHU 4bM492h2221 aMedrano, Néstor,d1970-91030110aHéroes, villanos y una aldea /cNéstor Medrano ; ilustraciones Elena Delgado y Rigoberto Peláez. aSanto Domingo : bCrupo Editorial Norma,c2009. a114 p. :bil. ;c21 cm. aIncluye datos biográficos del autor en la contracubierta1 aDelgado, Elena,eil.971141 aPeláez, Rigoberto,eil.9506 2ddccLBS1 001054708DSaGRbGRcHDd2009-07-07iLF1l0oxxxx M492hp3271-30r2020-06-25te. 3w2020-06-25yLFDSZPréstamo en sala 001154708DSaGRbGRcMId2017-10-12iLF1l0oxxxx M492hp3271-40r2020-06-25te. 4w2020-06-25yLFDSZPréstamo en sala 001154708DSaGRbGRcMId2017-10-12iLF1l0oxxxx M492hp3271-50r2020-06-25te. 5w2020-06-25yLFDSZPréstamo en sala 0010718PDaPDbPDcHDd2009-07-07iLF1l0oxxxx M492hp3271-10r2020-06-25w2020-06-25yLFPDZNo se presta 0010718PDaPDbPDcHDd2009-07-07iLF1l0oxxxx M492hp3271-20r2020-06-25te. 2w2020-06-25yLFPDZNo se presta c3102d3102